000 00212 a2200097 4500
020 _a9781534499348
041 _aeng
100 _aGibbs, Stuart
245 _aCharlie Thorne and the Curse of Cleopatra
942 _cBK
999 _c31710
_d31708